Trendy v oblasti zdravého životného štýlu bakalárska práca

Na minha lista:
Detalhes bibliográficos
Autor principal: Nováková, Barbora
Autor Corporativo: Obchodná fakulta EU. Katedra marketingu
Outros Autores: Vokounová, Dana, 1962-
Formato: Livro
Idioma:eslovaco
Publicado em: Bratislava 2025
Tags: Adicionar Tag
Sem tags, seja o primeiro a adicionar uma tag!

MARC

LEADER 00000nbm a2200000 4500
001 0311012
005 20260216091339.1
041 0 |a slo 
044 |a SK 
245 1 0 |a Trendy v oblasti zdravého životného štýlu  |b bakalárska práca  |c Barbora Nováková ; školiteľ: Dana Vokounová 
264 1 |a Bratislava  |c 2025 
300 |a 58 s. 
100 1 |a Nováková, Barbora 
700 1 |a Vokounová, Dana, 1962- 
710 2 |a Obchodná fakulta EU. Katedra marketingu